000 01475nam0a2200337 4500
001 RU\NLR\BIBL_A\022802893
005 20260517042800.0
035 _a(NLR Aleph) 022802893
090 _a13704714
_c13704714
100 _a20260507d1992 u y0rusy50 ca
101 0 _arus
102 _aRU
105 _ay z 000yy
181 0 _ai4
_baxxe
182 0 _an
200 1 _aРусская эстетика истории
_fК. Г. Исупов
_gВысшие гуманитарные курсы, Русский христианский гуманитарный университет
203 _aТекст
_bвизуальный
_cнепосредственный
210 _aСанкт-Петербург
_cИзд-во Высших гуманитарных курсов
_d1992
215 _a155, [5] с.
_d20
320 _aБиблиогр.: с. 3-5
606 1 _aИсторический опыт
_xФилософские вопросы
_92499795
_3RU\NLR\AUTH\661482704
606 1 _aИстория и эстетика
_91220112
_3RU\NLR\AUTH\66496360
606 1 _aПознание художественное
_92009035
_3RU\NLR\AUTH\66923711
686 1 _aЮ252
_bТ08
686 1 _aЮ8в2
_bТ
700 1 _7ca
_8rus
_aИсупов
_bК. Г.
_f1946-
_gКонстантин Глебович
_952063
_3RU\NLR\AUTH\7769135
852 _aNLR
_j92-3/8704
942 _cBOOK
980 _aNB